000 00256nam a2200109Ia 4500
008 190216s9999||||xx |||||||||||||| ||und||
100 _aSurendranath Koniyoor
245 0 _aJanthu Lokam
260 _bPoorna Pubs Kozhikode
650 _aZoology
942 _cBK
999 _c37303
_d37303